| 000 | 00499cam a22002054a 4500 | ||
|---|---|---|---|
| 001 | 13041580 | ||
| 005 | 20240221035421.0 | ||
| 008 | 021224s2003 nyu b 000 0 eng | ||
| 020 | _a0393057755 (hc) | ||
| 040 |
_aDLC _cDLC _dDLC |
||
| 082 | 0 | 0 |
_a320,51. _221 _bTER. |
| 100 | 1 | _aBerman, Paul, | |
| 245 | 1 | 0 |
_aTerror and liberalism / _cPaul Berman. |
| 250 | _a1st ed. | ||
| 260 |
_aNew York : _bNorton, _c2003. |
||
| 300 | _a214 p. ; | ||
| 650 | 0 | _aTerrorism. | |
| 650 | 0 | _aLiberalism. | |
| 942 | _cL | ||
| 999 |
_c449 _d449 |
||